Biotechnology : An introduction
محفوظ في:
| المؤلف الرئيسي: | |
|---|---|
| التنسيق: | كتاب |
| اللغة: | Undetermined |
| منشور في: |
Belmont, CA
Thomson/Brooks/Cole
2005
|
| الموضوعات: | |
| الوسوم: |
إضافة وسم
لا توجد وسوم, كن أول من يضع وسما على هذه التسجيلة!
|
| Thư viện lưu trữ: | Trung tâm Học liệu Trường Đại học Cần Thơ |
|---|
| LEADER | 00545nam a2200205Ia 4500 | ||
|---|---|---|---|
| 001 | CTU_128097 | ||
| 008 | 210402s9999 xx 000 0 und d | ||
| 020 | |c 1506000 | ||
| 082 | |a 660.6 | ||
| 082 | |b B263 | ||
| 100 | |a Barnum, Susan R. | ||
| 245 | 0 | |a Biotechnology : | |
| 245 | 3 | |b An introduction | |
| 245 | 0 | |c Susan R. Barnum | |
| 260 | |a Belmont, CA | ||
| 260 | |b Thomson/Brooks/Cole | ||
| 260 | |c 2005 | ||
| 650 | |a Biotechnology.,Công nghệ sinh học | ||
| 904 | |i Minh | ||
| 980 | |a Trung tâm Học liệu Trường Đại học Cần Thơ | ||